<?xml version="1.0" encoding="UTF-8"?><?xml-stylesheet type="text/xsl" href="static/style.xsl"?><OAI-PMH xmlns="http://www.openarchives.org/OAI/2.0/" xmlns:xsi="http://www.w3.org/2001/XMLSchema-instance" xsi:schemaLocation="http://www.openarchives.org/OAI/2.0/ http://www.openarchives.org/OAI/2.0/OAI-PMH.xsd"><responseDate>2026-04-14T05:44:49Z</responseDate><request verb="GetRecord" identifier="oai:www.recercat.cat:2072/425084" metadataPrefix="marc">https://recercat.cat/oai/request</request><GetRecord><record><header><identifier>oai:recercat.cat:2072/425084</identifier><datestamp>2025-09-10T18:42:09Z</datestamp><setSpec>com_2072_98</setSpec><setSpec>col_2072_378197</setSpec></header><metadata><record xmlns="http://www.loc.gov/MARC21/slim" xmlns:dcterms="http://purl.org/dc/terms/" xmlns:xsi="http://www.w3.org/2001/XMLSchema-instance" xmlns:doc="http://www.lyncode.com/xoai" xsi:schemaLocation="http://www.loc.gov/MARC21/slim http://www.loc.gov/standards/marcxml/schema/MARC21slim.xsd">
   <leader>00925njm 22002777a 4500</leader>
   <datafield ind2=" " ind1=" " tag="042">
      <subfield code="a">dc</subfield>
   </datafield>
   <datafield ind2=" " ind1=" " tag="720">
      <subfield code="a">Gumà, Jordi</subfield>
      <subfield code="e">author</subfield>
   </datafield>
   <datafield ind2=" " ind1=" " tag="720">
      <subfield code="a">Cámara, Antonio D.</subfield>
      <subfield code="e">author</subfield>
   </datafield>
   <datafield ind2=" " ind1=" " tag="260">
      <subfield code="c">2010</subfield>
   </datafield>
   <datafield ind2=" " ind1=" " tag="520">
      <subfield code="a">Una versió de l'estudi fou presentat per Jordi Gumà com a Treball de Recerca del Màster en Estudis Territorials i de la Població-Demografia. Curs 2008-2009.</subfield>
   </datafield>
   <datafield ind2=" " ind1=" " tag="520">
      <subfield code="a">Se analizan los microdatos de la Encuesta Nacional de Salud-ENS y del Movimiento Natural de la Población-MNP, entre 1987 y 2006. Se presentan tendencias por categoría de respuesta, edad y sexo de la población adulta española (16+) y se realiza un análisis comparado de la salud autopercibida negativa y de los cocientes de mortalidad según las mismas variables. La salud autopercibida de la ENS permite una aproximación indirecta a la evolución de las condiciones objetivas de salud de la población española por edad y sexo. El indicador posee una buena capacidad descriptiva de las transiciones de salud, discapacidad y dependencia en el ciclo vital de la población adulta española. No obstante, la selección en términos de supervivencia y salud asociada a la población no institucionalizada condiciona en gran medida este indicador para fines prospectivos en materia de supervivencia (las tendencias de mortalidad y de salud percibida son divergentes en el tiempo durante el periodo analizado).</subfield>
   </datafield>
   <datafield ind2=" " ind1=" " tag="520">
      <subfield code="a">S'analitzen les microdades de l'Enquesta Nacional de Salut-ENS i del Moviment Natural de la Població-MNP, entre 1987 i 2006; es presenten tendències per categoria de resposta, edat i sexe de la població adulta espanyola (16 +); i es realitza una anàlisi comparada de la salut autopercebuda negativa i dels quocients de mortalitat segons les mateixes variables. La salut autopercebuda de l'ENS permet una aproximació indirecta a l'evolució de les condicions objectives de salut de la població espanyola per edat i sexe. L'indicador mostra una bona capacitat descriptiva de les transicions de salut, discapacitat i dependència en el cicle vital de la població adulta espanyola. Malgrat això, la selecció en termes de supervivència i salut associada a la població no institucionalitzada condiciona en gran mesura aquest indicador per a fins prospectius en matèria de supervivència (les tendències de mortalitat i de salut percebuda són divergents en el temps durant el període analitzat).</subfield>
   </datafield>
   <datafield ind2=" " ind1=" " tag="520">
      <subfield code="a">Demographic analysis of microdata from the Spanish Health Interview Survey-ENS and the National Population Register-MNP. Trends by response category, age and sex are constructed between 1987 and 2006 for adult Spanish population (aged 16+). A comparative analysis of trends in (negative) self-rated health and age-specific death probabilities by sex is also analyzed. Self-rated health from the ENS allows for an indirect approach to the evolution of objective health conditions of the Spanish population according to sex and age. This indicator properly describes transitions in health and disability over the life cycle of the Spanish adult population. However, any prospective function of the indicator with respect to survival must be discarded because trends in mortality and self-rated health diverge. A plausible explanation for this divergence is the selection process both in terms of survivorship and health that is associated to the noninstitutionalized population.</subfield>
   </datafield>
   <datafield tag="653" ind2=" " ind1=" ">
      <subfield code="a">Salud autopercibida</subfield>
   </datafield>
   <datafield tag="653" ind2=" " ind1=" ">
      <subfield code="a">Tendencias de salud</subfield>
   </datafield>
   <datafield tag="653" ind2=" " ind1=" ">
      <subfield code="a">Mortalidad</subfield>
   </datafield>
   <datafield tag="653" ind2=" " ind1=" ">
      <subfield code="a">Encuesta Nacional de Salud</subfield>
   </datafield>
   <datafield tag="653" ind2=" " ind1=" ">
      <subfield code="a">España</subfield>
   </datafield>
   <datafield tag="653" ind2=" " ind1=" ">
      <subfield code="a">Salut autopercebuda</subfield>
   </datafield>
   <datafield tag="653" ind2=" " ind1=" ">
      <subfield code="a">Tendències de salut</subfield>
   </datafield>
   <datafield tag="653" ind2=" " ind1=" ">
      <subfield code="a">Mortalitat</subfield>
   </datafield>
   <datafield tag="653" ind2=" " ind1=" ">
      <subfield code="a">Enquesta Nacional de Salut</subfield>
   </datafield>
   <datafield tag="653" ind2=" " ind1=" ">
      <subfield code="a">Espanya</subfield>
   </datafield>
   <datafield tag="653" ind2=" " ind1=" ">
      <subfield code="a">Self-rated Health</subfield>
   </datafield>
   <datafield tag="653" ind2=" " ind1=" ">
      <subfield code="a">Health trends</subfield>
   </datafield>
   <datafield tag="653" ind2=" " ind1=" ">
      <subfield code="a">Mortality</subfield>
   </datafield>
   <datafield tag="653" ind2=" " ind1=" ">
      <subfield code="a">Health Interview Surveys</subfield>
   </datafield>
   <datafield tag="653" ind2=" " ind1=" ">
      <subfield code="a">Spain</subfield>
   </datafield>
   <datafield ind2="0" ind1="0" tag="245">
      <subfield code="a">Salud autopercibida y mortalidad en España : tendencias recientes y componentes demográficos</subfield>
   </datafield>
</record></metadata></record></GetRecord></OAI-PMH>